000 00459nam a2200205Ia 4500
001 13134
003 GE_BSU
008 181216s||||||||xx |||||||||||||| ||und||
020 _a0316644390
040 _cGE_BSU
080 _a821.111-312.4
100 _aCornwell,Patricia.
245 _aPoint of Origin.
260 _aLondon.
260 _bLittle,brown and company.
260 _c1998
300 _a342p;23cm.
653 _aPoint of Origin.
942 _cBK
999 _c46298
_d46298